Logico Piccolo 20 [kit] : english 3-at school

Bibliographic Details
Format: Book
Published: Germany : Grolier , ©2009
Subjects:

MARC

LEADER 00000cam a2200000 7i4500
001 0000061613
005 20160319.0
008 160318
024 4 0 |a PICCOX11 
090 0 0 |a JF   |b EDU ENG 
245 1 0 |a Logico Piccolo 20 [kit] :   |b english 3-at school 
260 |a Germany :   |b Grolier ,   |c ©2009 
300 |a 1 set (16 cards) :   |b col.ill ;   |c 23cm. 
500 |a Children ages 7-9 years old (orange) 
500 |a Includes parents' guide for Logico Piccolo 
505 0 |a Contents: in front of the school-school uniforms-in the classroom-school things and numbers-on the desk-where are the school things?-classroom activities-what are the pupils like the best-shapes,numbers,colours-doing maths-classroom phrases-breaktime-playtime activities-a day at school-riddles 
650 0 |a Education,Preschool   |x Activity programs 
650 0 |a Education   |x English 
999 |a 0001395910   |b Book   |c Children Collection   |e Perbadanan Perpustakaan Awam Johor